| 000 | 01430cam a2200397 a 4500 | ||
|---|---|---|---|
| 001 | 14280050 | ||
| 003 | PILC | ||
| 005 | 20160113113850.0 | ||
| 008 | 060228s2007 nyua c 000 1 eng | ||
| 010 | _a 2006007119 | ||
| 020 | _a9780439813785 | ||
| 020 | _a0439813786 (hardcover) | ||
| 040 |
_aDLC _cDLC _dDLC |
||
| 042 | _alcac | ||
| 050 | 0 | 0 |
_aPZ 7.S4654 _b.Se469 2007 |
| 051 |
_aPZ7.S4654 _bInv 2007 Copy 4 _cIn dust jacket. |
||
| 082 | 0 | 0 |
_aFIC _bSe1 2007 |
| 100 | 1 |
_aSelznick, Brian. _917378 |
|
| 245 | 1 | 4 |
_aThe invention of Hugo cabret : _ba novel in words and pictures _cby Brian Selznick. |
| 250 | _a1st ed. | ||
| 260 |
_aNew York : _bScholastic Press, _cc2007. |
||
| 300 |
_a533 p. : _bill. ; _c22 cm. |
||
| 562 | _eFor Circulation.2 copy in the collection | ||
| 600 | 1 | 0 |
_aMéliès, Georges, _d1861-1938 _vJuvenile fiction. _917379 |
| 600 | 1 | 1 |
_aMéliès, Georges, _d1861-1938 _vFiction. _917380 |
| 650 | 1 |
_aRobots _vFiction. _917381 |
|
| 650 | 1 |
_aOrphans _vFiction. _917382 |
|
| 650 | 1 |
_aRailroad stations _vFiction. _917383 |
|
| 651 | 1 |
_aParis (France) _xHistory _y1870-1940 _vFiction. _917384 |
|
| 651 | 1 |
_aFrance _xHistory _yThird Republic, 1870-1940 _vFiction. _917385 |
|
| 906 |
_a7 _bcbc _corignew _d1 _eecip _f20 _gy-gencatlg |
||
| 942 |
_2lcc _cBK |
||
| 999 |
_c10709 _d10709 |
||